L'Ocell de les cireres (Record no. 36879)

MARC details
000 -LEADER
campo de control de longitud fija 00647nam a2200205 i 4500
001 - NÚMERO DE CONTROL
campo de control 36879
003 - IDENTIFICADOR DE NÚMERO DE CONTROL
campo de control ES-MaACL
005 - FECHA Y HORA DE LA ÚLTIMA TRANSACCIÓN
campo de control 20250820122759.0
007 - CAMPO FIJO DE DESCRIPCIÓN FÍSICA--INFORMACIÓN GENERAL
campo de control de longitud fija t|
008 - DATOS DE LONGITUD FIJA--INFORMACIÓN GENERAL
campo de control de longitud fija 030219s1957 sp ||||1| cat d
100 1# - ENTRADA PRINCIPAL--NOMBRE DE PERSONA
Nombre de persona Brazés, Edmond.
9 (RLIN) 31530
245 12 - MENCIÓN DEL TÍTULO
Título L'Ocell de les cireres
Resto del título : poemes /
Mención de responsabilidad, etc. Edmond Brazés ; amb tres paraules de Josep-Sebastià Pons.
260 ## - PUBLICACIÓN, DISTRIBUCIÓN, ETC.
Lugar de publicación, distribución, etc. Barcelona :
Nombre del editor, distribuidor, etc. Barcino,
Fecha de publicación, distribución, etc. 1957 (
Fabricante Sallent)
300 ## - DESCRIPCIÓN FÍSICA
Extensión 108 p. ;
Dimensiones 19 cm.
490 1# - MENCIÓN DE SERIE
Mención de serie Tramontana ;
Designación de volumen o secuencia 1
700 1# - ENTRADA AGREGADA--NOMBRE PERSONAL
Nombre de persona Pons, Josep Sebastià,
Fechas asociadas al nombre 1886-1962
9 (RLIN) 92994
830 0# - PUNTO DE ACCESO ADICIONAL DE SERIE-TÍTULO UNIFORME
Título uniforme Tramontana ;
Designación de volumen o secuencia 1
9 (RLIN) 187596
852 ## - LOCALIZACIÓN
Ubicación ES-MaACL
Número de control de estantería C-13852
Sublocalización o colección R.42104
Holdings
Estatus retirado Estado de pérdida Estado de daño No para préstamo Biblioteca de origen Biblioteca actual Ubicación en estantería Fecha de adquisición Fuente de adquisición Total de préstamos Signatura topográfica completa Código de barras Visto por última vez Precio de reemplazo Tipo de ítem Koha
        Biblioteca del Ateneo de Madrid Biblioteca del Ateneo de Madrid Sala Palomar 17/01/2008     C-13852 1038784 23/02/2023 23/02/2023 Libro impreso